| 000 | 01248nam a2200349 i 4500 | ||
|---|---|---|---|
| 001 | 198377 | ||
| 003 | ES-MaACL | ||
| 005 | 20260527153130.0 | ||
| 007 | ta | ||
| 008 | 260527s1974 sp a|||| |||| 001 0aspa d | ||
| 017 |
_aM 19080-1974 _bOficina Depósito Legal Madrid |
||
| 020 | _a84-312-0179-7 | ||
| 040 |
_aES-MaACL _bspa _cES-MaACL _erda |
||
| 080 | _a929 Ruiz Soler, Antonio | ||
| 100 | 1 |
_aRuiz Soler, Antonio _4aut _9243139 _eaut |
|
| 245 | 1 | 0 |
_aAntonio : _bmi diario en la cárcel / _cAntonio Ruiz Soler |
| 264 | 1 |
_aMadrid : _bG. del Toro, _c1974 |
|
| 264 | 4 | _c©1974 | |
| 300 |
_a213 páginas : _bilustraciones (blanco y negro) ; _c20 cm |
||
| 336 |
_2rdacontent _aTexto |
||
| 337 |
_2rdamedia _asin mediación |
||
| 338 |
_2rdacarrier _avolumen |
||
| 500 | _aRegistro provisional | ||
| 500 | _a"Para ti Fina que tanto ayudastes a mi libertad con mi cariño y mi agradecimiento, Antonio 1974", dedicatoria autógrafa del autor | ||
| 500 | _aÍndice | ||
| 600 | 1 | 0 |
_aRuiz Soler, Antonio _9243139 |
| 655 | 4 |
_aBiografías _9176647 |
|
| 852 |
_aES-MaACL _cDES _jDB-200 _hDonación: Jorge José Fernández Barroso _xEncuadernación rústica _zDedicatoria autógrafa del autor |
||
| 942 |
_cMONOGRAFIA _n0 |
||
| 999 |
_c198377 _d198377 |
||